| 000 | 00768cam a2200277 4500 | ||
|---|---|---|---|
| 008 | 090401t1998 xxu||||| |||| 00| 0 eng d | ||
| 020 | _a041924140X | ||
| 035 | _a(Sirsi) u88294 | ||
| 041 | _aeng | ||
| 050 | _a692.5 | ||
| 245 | _aSpon`s mechanical and electrical services price book 1999. | ||
| 250 | _a30th ed. | ||
| 260 |
_aLondon _bE & F N Spon _c1998 |
||
| 300 | _axviii,543p. ; 24cm. | ||
| 350 | _a77.5 | ||
| 650 | _aBUILT ENVIRONMENT-BUILDING COSTS | ||
| 650 |
_aBlock management _96220 |
||
| 650 | _aELECTRICAL SERVICES | ||
| 650 | _aLABOUR COSTS | ||
| 650 | _aMECHANICAL AND ELECTRICAL SERVICES | ||
| 650 | _aBUILDING PRICE BOOKS | ||
| 690 | _aBUILT ENVIRONMENT-BUILDING COSTS | ||
| 700 |
_h _xEditor |
||
| 942 | _n0 | ||
| 948 | _c03/09/1998 | ||
| 999 |
_c97326 _d97326 |
||